| 000 | 00632nam a2200157 4500 | ||
|---|---|---|---|
| 001 | 138433 | ||
| 003 | ES-MaACL | ||
| 007 | t| | ||
| 008 | 070214q1953 sp r ||||1| spa d | ||
| 100 | 0 |
_aSangrán y González, Joaquín de, _cMarqués de los Ríos _9103142 |
|
| 245 | 1 | 1 |
_a¿Una nueva edad del mundo? _b: ensayo sobre el milenio del Apocalipsis, en relación con otras profecías del Antiguo y del Nuevo Testamento / _cJoaquín de Sangrán y González, Marqués de los Ríos. |
| 260 |
_aMadrid : _bEscelicer, _c[1953?] |
||
| 300 |
_a319 p. ; _c22 cm. |
||
| 852 |
_aES-MaACL _jC-6432 _bR.35614 |
||
| 999 |
_c138433 _d138433 |
||